LEADER 01283cam0-22004331i-450 001 990003739450403321 005 20220120155311.0 010 $a88-238-0568-6 035 $a000373945 035 $aFED01000373945 035 $a(Aleph)000373945FED01 035 $a000373945 100 $a20010219d2000----km-y0itay50------ba 101 0 $aita 102 $aIT 105 $ay-------001yy 200 1 $aModernizzazione e mercato$ela Borsa di Milano nella "nuova economia" dell'età giolittiana (1888-1914)$fStefano Baia Curioni 210 $aMilano$cEgea$d2000 215 $aIX, 271 p.$d25 cm 610 0 $aBorse$aMilano$a1888-1914 610 0 $aBorsa$aStoria$aItalia 610 0 $aTitoli di rendita$aQuotazioni$aItalia$a1888-1914 676 $a050.003 676 $a332.6424$v21$zita 700 1$aBaia Curioni,$bStefano$0127289 801 0$aIT$bUNINA$gRICA$2UNIMARC 901 $aBK 912 $a990003739450403321 952 $a332.64245-BAI$b2849 Dono$fDECLI 952 $a050.003.BAI$binv. 2848$fDECGE 952 $aSE 123.01.13-$fDECSE 952 $aSE115.02.18-$b2894D$fDECSE 952 $aN4.360$b8816$fDECTS 959 $aDECLI 959 $aDECGE 959 $aDECSE 959 $aDECTS 996 $aModernizzazione e mercato$9507748 997 $aUNINA LEADER 01003nam--2200361---450- 001 990002886840203316 005 20070323113626.0 035 $a000288684 035 $aUSA01000288684 035 $a(ALEPH)000288684USA01 035 $a000288684 100 $a20070323d1891----km-y0itay50------ba 101 $afre 102 $aFR 105 $a||||||||001yy 200 1 $aDieu$fVictor Hugo 210 $aParis$cJ. Hetzel$cMaison Quantin$d[1891] 215 $a252 p.$d18 cm 225 2 $aOeuvres inedites de Victor Hugo 300 $asulla cop. : edition définitive d'aprés les manuscrits originaux 410 0$12001$aOeuvres inedites de Victor Hugo 454 1$12001 461 1$1001-------$12001 676 $a843.912 700 1$aHUGO,$bVictor$0444801 801 0$aIT$bsalbc$gISBD 912 $a990002886840203316 951 $aXV.5. 586$b197503 LM$cXV.5. 959 $aBK 969 $aFG 979 $aSENATORE$b90$c20070323$lUSA01$h1136 996 $aDieu$9989629 997 $aUNISA